000 00697nas a2200253 4500
001 BR0205133
003 BR-BrBNA
005 20231205103316.0
007 ta
008 230509b bl.|||p| |||| 00| 00por d
040 _aBR-BrBNA
_bpor
_cBiblioteca Nacional de Agricultura
041 _a(Pt)
072 _aL73
100 1 _aFighera, R.A.
100 1 _aSouza, T.M. de
100 1 _aBarros, C.S.L. de
245 1 _aLinfossarcoma em cães
650 _aCÃO
650 _aLINFOSSARCOMA
650 _aDOENÇA ANIMAL
773 0 _tCiência Rural (Brazil)
_xISSN 0103-8478
_g(Sep-Oct 2002), v. 32(5) p. 895-899
_wBR0205133
909 _a202311
_bLúcia
_c55
_dLúcia Elande
942 _2AGRIS
_n0
_cANA
999 _c172199
_d172199